000 01671nam a2200229Ia 4500
003 Ost
005 20260507075751.0
008 260507s9999||||xx |||||||||||||| ||und||
020 _a9789931140849
040 _cfsecg
041 _aara
082 _a1.4
100 _aفضيل، فارس
_eمؤلف
245 0 _aكيفية إعداد البحوث الجامعية في العلوم الاقتصادية /
_c فارس فضيل
260 _aالجزائر:
_bدار أجيال الرقمي ,
_c2023
300 _a453 صفحة؛
_bإيضاحات ؛
_c24 سم
504 _aببليوغرافيا:ص ص.439-444
520 _aيفصل هذا الكتاب في مجمله طرق وكيفية اعداد البحوث الجامعية من تقرير تربصات، مذكرات ماستر، أطروحات الدكتوراه، مقالات علمية، مطبوعات بيداغوجية ومداخلات علمية وذلك من خلال عشرة محاور وهي كالتالي: المرحلة التمهيدية لعملية إعداد البحث الجامعي، أنواع البحوث الجامعية، اختيار وضبط موضوع البحث، أهمية خطة البحث ومكوناتها، المصادر والمراجع وكيفية الاستفادة منها، أدوات جمع المعلومات الأولية، الاقتباس والتهميش، شروط كتابة البحث وأسلوب الكتابة العلمية، الشكل النهائي للبحوث الجامعية، إجراءات وحيثيات تقويم البحوث الجامعية
653 _aالبحوث العلمية
653 _aمنهجية
942 _cكتاب
999 _c46223
_d46223